| 000 | 01173nam a2200325Ia 4500 | ||
|---|---|---|---|
| 001 | ebr10619584 | ||
| 003 | CaPaEBR | ||
| 006 | m u | ||
| 007 | cr cn||||||||| | ||
| 008 | 830203s1982 nyua sb 001 0 eng d | ||
| 020 | _z0895203170 | ||
| 020 | _z9780895203175 | ||
| 020 | _z9781613991664 | ||
| 040 |
_aCaPaEBR _cCaPaEBR |
||
| 035 | _a(OCoLC)820817084 | ||
| 050 | 1 | 4 |
_aTN871 _b.L373 1982eb |
| 100 | 1 |
_aLee, John _q(W. John) |
|
| 245 | 1 | 0 |
_aWell testing _h[electronic resource] / _cJohn Lee. |
| 260 |
_aNew York : _bSociety of Petroleum Engineers of AIME, _c1982. |
||
| 300 |
_a159 p. : _bill. |
||
| 440 | 0 |
_aSPE textbook series ; _vv. 1 |
|
| 500 | _aIncludes indexes. | ||
| 504 | _aBibliography: p. [154]-155. | ||
| 533 |
_aElectronic reproduction. _bPalo Alto, Calif. : _cebrary, _d2011. _nAvailable via World Wide Web. _nAccess may be limited to ebrary affiliated libraries. |
||
| 650 | 0 |
_aOil wells _xTesting. |
|
| 650 | 0 |
_aGas wells _xTesting. |
|
| 655 | 7 |
_aElectronic books. _2local |
|
| 710 | 2 | _aebrary, Inc. | |
| 856 | 4 | 0 |
_uhttp://site.ebrary.com/lib/rucke/Doc?id=10619584 _zAn electronic book accessible through the World Wide Web; click to view |
| 999 |
_c74726 _d74726 |
||